000 00401cam a22001217a 4500
008 180718b1963 xxu||||| |||| 00| 0 eng d
082 _aA81x54 In2/61/7/Pt6E
100 _aCensus of India 1961
245 _aKerala: village survey monographs, Trivadrum district
260 _aDelhi
_bThe Manager of Publications
_c1963
300 _a311+p.
440 _aCensus of India 1961. Volume VII, Kerala. Part VI E
999 _c484168
_d484168